000
00438nam a2200181Ia 4500
008
090124s9999 xx 000 0 und d
082
_b
129577
100
_a
माळवदे रमण
245
_a
मेडल
250
_a
1
260
_c
2000
300
_a
119
600
_a
माळवदे रमण
630
_a
मेडल
700
_a
माळवदे रमण
730
_a
मेडल
942
_c
BOOK
999
_c
175666
_d
175666